000 00538nam a22001817a 4500
999 _c101621
_d101621
005 20181227150231.0
010 _aENG-115581
020 _a9788173819438
_c150.00
035 _aEN-99113
037 _bDBAD/PUB
082 _a808.6
100 _aDas,P.C.
245 _aLetter writing including official & business letters /
_cby Das,P.C.
260 _aNew Delhi
_bNew Central Book Agency
_c2015
270 _a8/1,Chintamoni Das Lane
_bKolkata
_e700009
300 _a174p.
_c24cm(pbk)
942 _2ddc
_cEN
_mDAS
_h808.6